[Event "Copenhagen Chess Challenge 2011"]
[Site "Ballerup"]
[Date "2011.05.19"]
[Round "2"]
[White "Olsen, Aage"]
[Black "Tikkanen, Hans"]
[Result "0-1"]
[WhiteElo "2005"]
[BlackElo "2560"]
[PlyCount "44"]
[EventDate "2011.??.??"]
[EventType "swiss"]
[EventRounds "9"]
[EventCountry "DEN"]

1. e4 c5 2. d4 cxd4 3. c3 dxc3 4. Nxc3 a6 5. Nf3 b5 6. Be3 e6 7. Bd3 d6 8. O-O
Nd7 9. Qe2 Bb7 10. Rfd1 Qb8 11. Rac1 Be7 12. b4 Ngf6 13. h3 O-O 14. Bg5 h6 15.
Bh4 Ne5 16. Bb1 Rc8 17. Nd4 Rc4 18. a3 Qa7 19. Qd2 Ng6 20. Bg3 Nh5 21. Bh2 Bg5
22. Qd3 Rxd4 0-1

[Event "Copenhagen Chess Challenge 2011"]
[Site "Ballerup"]
[Date "2011.05.19"]
[Round "2"]
[White "Danielsen, Henrik"]
[Black "Haubro, Martin"]
[Result "1-0"]
[WhiteElo "2545"]
[BlackElo "2003"]
[PlyCount "41"]
[EventDate "2011.??.??"]
[EventType "swiss"]
[EventRounds "9"]
[EventCountry "DEN"]

1. Nf3 f5 2. c4 Nf6 3. g3 e6 4. Bg2 d5 5. O-O Bd6 6. Nc3 c6 7. d3 O-O 8. e4
dxe4 9. dxe4 e5 10. Qb3 Qb6 11. Qc2 Nxe4 12. Nxe4 fxe4 13. Ng5 Bf5 14. Bxe4 g6
15. c5 Bxc5 16. Qc4+ Kh8 17. Nf7+ Kg7 18. Bh6+ Kf6 19. Ng5 Nd7 20. Bxf5 Kxf5
21. Qe6# 1-0

[Event "Copenhagen Chess Challenge 2011"]
[Site "Ballerup"]
[Date "2011.05.19"]
[Round "2"]
[White "Holtzmann, Sonny"]
[Black "Mikkelsen, Nikolaj"]
[Result "0-1"]
[WhiteElo "1659"]
[BlackElo "2401"]
[PlyCount "54"]
[EventDate "2011.??.??"]
[EventType "swiss"]
[EventRounds "9"]
[EventCountry "DEN"]

1. d4 Nf6 2. Bf4 g6 3. e3 Bg7 4. Nf3 O-O 5. Be2 d6 6. h3 Nbd7 7. O-O c5 8. c3
b6 9. a4 a6 10. Na3 Bb7 11. Qb3 Rb8 12. Rad1 Nd5 13. Bg3 Nc7 14. h4 b5 15. axb5
axb5 16. dxc5 Nxc5 17. Qc2 Be4 18. Qd2 Ba8 19. Bh2 b4 20. cxb4 Ne4 21. Qc2 Rxb4
22. Nc4 Ne6 23. Be5 Qb8 24. Bxg7 Nxg7 25. Bd3 Nc5 26. Ng5 Rc8 27. Rc1 Nb3 0-1

[Event "Copenhagen Chess Challenge 2011"]
[Site "Ballerup"]
[Date "2011.05.19"]
[Round "2"]
[White "Skytte, Rasmus"]
[Black "Pedersen, Sven"]
[Result "1-0"]
[WhiteElo "2399"]
[BlackElo "2125"]
[PlyCount "109"]
[EventDate "2011.??.??"]
[EventType "swiss"]
[EventRounds "9"]
[EventCountry "DEN"]

1. e4 c5 2. c3 d5 3. exd5 Qxd5 4. d4 Nf6 5. Nf3 Bg4 6. Be2 e6 7. h3 Bh5 8. O-O
Be7 9. Be3 cxd4 10. cxd4 O-O 11. Nc3 Qa5 12. Qb3 Nbd7 13. Rfc1 Rfc8 14. g4 Bg6
15. Qxb7 Rab8 16. Qa6 Qxa6 17. Bxa6 Rc6 18. Bf1 Rxb2 19. Nd5 Nxd5 20. Rxc6 Nxe3
21. Rc8+ Bf8 22. fxe3 h6 23. Ne5 Nxe5 24. dxe5 Bb1 25. Bg2 g5 26. Rc1 Bxa2 27.
Rc7 Rb1+ 28. Rxb1 Bxb1 29. Rxa7 Bc5 30. Ra8+ Kg7 31. Kf2 Bg6 32. Ke2 Bb4 33.
Rc8 Ba3 34. Rb8 Bc5 35. Rb5 Ba3 36. Kd2 Kg8 37. Kc3 Kg7 38. Kd4 Kg8 39. Be4 Kg7
40. Bxg6 Kxg6 41. Kc4 Bc1 42. e4 Bf4 43. Kb4 h5 44. Ka5 hxg4 45. hxg4 Kg7 46.
Kb6 Kf8 47. Kc6 Ke7 48. Rb7+ Kf8 49. Kd6 Bg3 50. Rb5 Bf4 51. Kd7 Bg3 52. Rb8+
Kg7 53. Ke8 f6 54. Rb5 fxe5 55. Ke7 1-0

[Event "Copenhagen Chess Challenge 2011"]
[Site "Ballerup"]
[Date "2011.05.19"]
[Round "2"]
[White "Teplyi, Igor"]
[Black "Andersen, Kim Nyvang"]
[Result "1-0"]
[WhiteElo "2387"]
[BlackElo "1931"]
[PlyCount "81"]
[EventDate "2011.??.??"]
[EventType "swiss"]
[EventRounds "9"]
[EventCountry "DEN"]

1. d4 Nf6 2. c4 g6 3. Nc3 Bg7 4. e4 d6 5. Nf3 c5 6. Be2 O-O 7. d5 e6 8. h3 exd5
9. exd5 a6 10. O-O Re8 11. Bd3 Bf5 12. Bxf5 gxf5 13. Nh4 Ne4 14. Nxf5 Nxc3 15.
bxc3 Bxc3 16. Rb1 b5 17. Rb3 Qf6 18. Qg4+ Kh8 19. Bg5 Qe5 20. Rxc3 Qxc3 21.
Nxd6 Rf8 22. Bh6 f5 23. Nxf5 Rg8 24. Bg7+ Rxg7 25. Nxg7 Qxg7 26. Qc8+ Qg8 27.
Qb7 Nd7 28. Qxd7 bxc4 29. d6 Qd5 30. Qe7 Rg8 31. Qf6+ Rg7 32. g3 Qd4 33. Qxd4
cxd4 34. Rb1 Rd7 35. Rb4 Rxd6 36. Rxc4 Kg7 37. Kg2 Kf6 38. Kf3 Ke5 39. Rc5+ Kf6
40. Ke4 h6 41. Rc2 1-0

[Event "Copenhagen Chess Challenge 2011"]
[Site "Ballerup"]
[Date "2011.05.19"]
[Round "2"]
[White "Lindgren, Philip"]
[Black "Eriksson, Christian Altenburg"]
[Result "1-0"]
[WhiteElo "2126"]
[BlackElo "2139"]
[PlyCount "105"]
[EventDate "2011.??.??"]
[EventType "swiss"]
[EventRounds "9"]
[EventCountry "DEN"]

1. d4 d5 2. c4 dxc4 3. e4 e5 4. Nf3 exd4 5. Bxc4 Nc6 6. O-O Be6 7. Bb5 Bc5 8.
b4 Bb6 9. a4 a6 10. Bxc6+ bxc6 11. a5 Ba7 12. Bb2 Nf6 13. Bxd4 Bg4 14. Bxa7
Qxd1 15. Rxd1 Rxa7 16. Nc3 O-O 17. Rd4 Nd7 18. h3 Be6 19. Na4 Rb7 20. Ng5 c5
21. Rdd1 c6 22. Nxe6 fxe6 23. bxc5 Ne5 24. Nb6 g5 25. Rd6 Kf7 26. Rad1 Ke7 27.
f3 h5 28. R6d4 Rc7 29. Rb4 g4 30. hxg4 hxg4 31. fxg4 Rg8 32. Rbd4 Rxg4 33. Kf2
Rg7 34. Rd8 Rf7+ 35. Ke2 Rg7 36. Nc8+ Kf7 37. Nd6+ Ke7 38. Nc8+ Rxc8 39. Rxc8
Rxg2+ 40. Ke3 Ra2 41. Kf4 Ng6+ 42. Kg5 Rg2+ 43. Kh6 Ne5 44. Rc7+ Ke8 45. Kh5
Rg3 46. Rb1 Rh3+ 47. Kg5 Nd7 48. Rbb7 Rd3 49. Rxd7 Rxd7 50. Rxd7 Kxd7 51. e5
Ke8 52. Kf6 Kd7 53. Kf7 1-0

[Event "Copenhagen Chess Challenge 2011"]
[Site "Ballerup"]
[Date "2011.05.19"]
[Round "2"]
[White "Kokholm, Daniel"]
[Black "Hvenekilde, Jorgen"]
[Result "0-1"]
[WhiteElo "1934"]
[BlackElo "2127"]
[PlyCount "57"]
[EventDate "2011.??.??"]
[EventType "swiss"]
[EventRounds "9"]
[EventCountry "DEN"]

1. Nf3 d6 2. d3 g6 3. g3 Bg7 4. Bg2 Nc6 5. c3 e5 6. e4 Nf6 7. Nbd2 O-O 8. O-O
Nh5 9. a4 h6 10. h3 Be6 11. Ne1 Qe8 12. Kh2 f5 13. Bf3 Nf6 14. Rg1 Rd8 15. Qe2
Rd7 16. b4 h5 17. b5 Nd8 18. Nf1 Rdf7 19. Be3 Kh7 20. c4 Qd7 21. Bg2 f4 22. Bd2
g5 23. gxf4 exf4 24. e5 Ng4+ 25. hxg4 hxg4 26. Be4+ Kg8 27. d4 Bxe5 28. dxe5
Rh7+ 29. Bxh7+ 0-1

[Event "Copenhagen Chess Challenge 2011"]
[Site "Ballerup"]
[Date "2011.05.19"]
[Round "2"]
[White "Molvig, Julius"]
[Black "Poulsen, Iver"]
[Result "0-1"]
[WhiteElo "1830"]
[BlackElo "2100"]
[PlyCount "106"]
[EventDate "2011.??.??"]
[EventType "swiss"]
[EventRounds "9"]
[EventCountry "DEN"]

1. d4 d5 2. c4 e6 3. Nf3 c6 4. Nc3 dxc4 5. a4 Bb4 6. e4 b5 7. axb5 cxb5 8. Bd2
Bxc3 9. bxc3 a5 10. Qb1 Ba6 11. g3 Ne7 12. Bg5 Nbc6 13. Nd2 O-O 14. Bg2 f6 15.
Be3 Qd7 16. O-O Rfd8 17. Rc1 Rab8 18. Qc2 a4 19. Bh3 Qd6 20. Re1 e5 21. d5 Na5
22. Be6+ Kh8 23. f4 Nb3 24. Nxb3 cxb3 25. Qf2 Qc7 26. Bc5 Nc8 27. Bb4 Nd6 28.
Rad1 Bc8 29. f5 Ra8 30. Qb2 Nc4 31. Qb1 Qb6+ 32. Kh1 Ne3 33. Rd2 Nc2 34. Ree2
Nxb4 35. cxb4 Qd6 36. Qc1 Qxb4 37. Qc6 Ra6 38. Qc7 Qd6 39. Qc3 Bd7 40. Rb2 Rc8
41. Qe3 a3 42. Rb1 b2 43. Bxd7 Qxd7 44. Qg1 a2 45. Rexb2 axb1=Q 46. Qxb1 Rb6
47. Qa2 b4 48. Qa4 Qb5 49. Qa1 b3 50. Qd1 h6 51. Kg2 Qb4 52. Qd3 Qc3 53. Qe2
Qxb2 0-1

[Event "Copenhagen Chess Challenge 2011"]
[Site "Ballerup"]
[Date "2011.05.19"]
[Round "2"]
[White "Halamus, Agata"]
[Black "Petrovski, Petruli"]
[Result "1-0"]
[WhiteElo "2047"]
[BlackElo "1826"]
[PlyCount "129"]
[EventDate "2011.??.??"]
[EventType "swiss"]
[EventRounds "9"]
[EventCountry "DEN"]

1. e4 c5 2. Nf3 d6 3. d4 cxd4 4. Nxd4 Nf6 5. Nc3 a6 6. h3 e5 7. Nde2 Be7 8. g4
h6 9. Bg2 Nbd7 10. O-O Rb8 11. Ng3 g6 12. a4 b6 13. Be3 Bb7 14. Qd2 h5 15. g5
Nh7 16. h4 O-O 17. Bh3 Nc5 18. Nd5 Bxd5 19. Qxd5 Qc7 20. f4 Qb7 21. Qc4 b5 22.
axb5 axb5 23. Qb4 exf4 24. Rxf4 Ra8 25. Raf1 Ra4 26. Qd2 Nxg5 27. hxg5 Bxg5 28.
R4f3 Nxe4 29. Nxe4 Bxe3+ 30. Rxe3 Rxe4 31. Qg2 d5 32. Ref3 Qe7 33. Bf5 Re2 34.
Qg3 Qe5 35. Qh4 Qe7 36. Qh3 Qg5+ 37. Rg3 Qh6 38. Bd3 Re5 39. Qh4 Rfe8 40. Bxb5
Re4 41. Qf6 R8e7 42. Bd3 Re3 43. Rg2 R3e6 44. Qh4 Kg7 45. Qd4+ Kf8 46. Qxd5
Qe3+ 47. Kh1 Qh3+ 48. Rh2 Qg4 49. Rg2 Qh3+ 50. Kg1 Qe3+ 51. Kh1 Qh3+ 52. Rh2
Qg4 53. Qd8+ Kg7 54. Qd5 Re1 55. Qg2 Qd1 56. Rh3 Rxf1+ 57. Bxf1 Re1 58. Rf3 h4
59. Qf2 Re7 60. Kg2 g5 61. Bd3 h3+ 62. Kxh3 Qh1+ 63. Kg4 f6 64. Rxf6 Qd5 65.
Rg6+ 1-0

[Event "Copenhagen Chess Challenge 2011"]
[Site "Ballerup"]
[Date "2011.05.19"]
[Round "2"]
[White "Andersen, Daniel"]
[Black "Haagen Larsen, Hans"]
[Result "1-0"]
[WhiteElo "1997"]
[BlackElo "1745"]
[PlyCount "115"]
[EventDate "2011.??.??"]
[EventType "swiss"]
[EventRounds "9"]
[EventCountry "DEN"]

1. c4 g6 2. e4 Bg7 3. d4 d6 4. Nc3 Nc6 5. Be3 e5 6. Nge2 Bd7 7. Qd2 Nxd4 8.
Nxd4 exd4 9. Bxd4 Bxd4 10. Qxd4 Qf6 11. Qd2 Ne7 12. Bd3 O-O 13. Nd5 Nxd5 14.
cxd5 c6 15. dxc6 bxc6 16. O-O Rab8 17. b3 Qe5 18. Rfe1 Be6 19. Rac1 Rb6 20. Bc4
Rd8 21. Bxe6 fxe6 22. Rc4 Qf6 23. Qc2 c5 24. e5 Qf5 25. Qxf5 gxf5 26. exd6
Rbxd6 27. Rxc5 Kf7 28. g3 Ra6 29. Rc7+ Kg6 30. Re2 h5 31. Rec2 Rd1+ 32. Kg2 Ra1
33. a4 Rb1 34. R7c6 Rxc6 35. Rxc6 Kf6 36. Rc3 Ke5 37. Rc5+ Kd6 38. Ra5 Rxb3 39.
Rxa7 Rb4 40. h4 f4 41. a5 fxg3 42. Kxg3 Rb5 43. a6 Ra5 44. Ra8 Kc7 45. Rh8 Kb6
46. Re8 Re5 47. Rg8 Kxa6 48. Rg5 Rd5 49. Rg6 Re5 50. f4 Re3+ 51. Kf2 Re4 52.
Kf3 Re1 53. f5 Rf1+ 54. Ke4 Re1+ 55. Kd4 Rd1+ 56. Ke3 Re1+ 57. Kf2 Re4 58.
Rxe6+ 1-0

[Event "Copenhagen Chess Challenge 2011"]
[Site "Ballerup"]
[Date "2011.05.19"]
[Round "2"]
[White "Knudsen, Jes West"]
[Black "Hein, Jacob"]
[Result "1-0"]
[WhiteElo "1939"]
[BlackElo "1577"]
[PlyCount "64"]
[EventDate "2011.??.??"]
[EventType "swiss"]
[EventRounds "9"]
[EventCountry "DEN"]

1. e4 b6 2. d4 d6 3. Nc3 g6 4. Nf3 c6 5. Be3 Nf6 6. Qd2 Bg7 7. h3 Nbd7 8. Bh6
Bf8 9. e5 Ng8 10. Bxf8 Nxf8 11. O-O-O d5 12. Na4 Ne6 13. Kb1 Bd7 14. b3 Qc7 15.
Ng5 Nxg5 16. Qxg5 f6 17. exf6 Nxf6 18. Bd3 Ne4 19. Bxe4 dxe4 20. Nc3 O-O 21.
Nxe4 Bf5 22. Rhe1 Rae8 23. Nd2 c5 24. g4 Bxc2+ 25. Kxc2 cxd4+ 26. Kb1 Rxf2 27.
Qd5+ Rf7 28. Qxd4 Rd8 29. Qc4 Qxc4 30. Nxc4 Rxd1+ 31. Rxd1 Rf3 32. Rd8+ Kf7 1-0

[Event "Copenhagen Chess Challenge 2011"]
[Site "Ballerup"]
[Date "2011.05.19"]
[Round "2"]
[White "Ootes, Lennart"]
[Black "Pedersen, Steffen"]
[Result "0-1"]
[WhiteElo "2194"]
[BlackElo "2441"]
[PlyCount "98"]
[EventDate "2011.??.??"]
[EventType "swiss"]
[EventRounds "9"]
[EventCountry "DEN"]

1. e4 c5 2. Nf3 Nc6 3. d4 cxd4 4. Nxd4 Qb6 5. Nb3 Nf6 6. Nc3 e6 7. Qe2 Bb4 8.
Bd2 O-O 9. O-O-O d5 10. exd5 exd5 11. Be3 Qc7 12. Nb5 Qd8 13. Bg5 a6 14. N5d4
Qc7 15. f3 h6 16. Bd2 Bd6 17. g4 Ne5 18. Kb1 Bd7 19. Qg2 Rac8 20. Rg1 Ng6 21.
g5 hxg5 22. Bxg5 Nh5 23. Bd3 Bf4 24. Nf5 Bxf5 25. Bxf5 Rce8 26. Rxd5 Bxg5 27.
Qxg5 Nhf4 28. Rdd1 Re5 29. Qg4 Qe7 30. Be4 f5 31. Bxf5 Rfxf5 32. Nd4 Rg5 33.
Qc8+ Kh7 34. Rxg5 Rxg5 35. h4 Rd5 36. a3 Qd7 37. Qxd7 Rxd7 38. c3 Ne2 39. Kc2
Nxd4+ 40. cxd4 Nf4 41. Kc3 Kg6 42. Kc4 Kf6 43. Re1 Rc7+ 44. Kb3 Ne6 45. Rd1 Rd7
46. Kc3 Ke7 47. Re1 Kd6 48. h5 Rf7 49. Re3 Rf5 0-1

[Event "Copenhagen Chess Challenge 2011"]
[Site "Ballerup"]
[Date "2011.05.19"]
[Round "2"]
[White "Christensen, Janus"]
[Black "Fries Nielsen, Jens Ove"]
[Result "0-1"]
[WhiteElo "2148"]
[BlackElo "2386"]
[PlyCount "58"]
[EventDate "2011.??.??"]
[EventType "swiss"]
[EventRounds "9"]
[EventCountry "DEN"]

1. d4 g6 2. c4 Bg7 3. Nc3 c5 4. Nf3 Na6 5. g3 f5 6. Bg2 Nf6 7. O-O O-O 8. d5 d6
9. Qc2 Bd7 10. a3 Nc7 11. Bg5 b5 12. cxb5 Nxb5 13. Nd2 Nd4 14. Qd1 Rb8 15. e3
Nb5 16. Qc2 Nxc3 17. bxc3 Ng4 18. f3 h6 19. Bf4 Nf6 20. e4 g5 21. Be3 fxe4 22.
fxe4 Ng4 23. Rxf8+ Qxf8 24. Rf1 Qe8 25. Bf2 Qh5 26. Nf3 Rf8 27. Rb1 Rxf3 28.
Bxf3 Qxh2+ 29. Kf1 Ne3+ 0-1

[Event "Copenhagen Chess Challenge 2011"]
[Site "Ballerup"]
[Date "2011.05.19"]
[Round "2"]
[White "Rewitz, Poul"]
[Black "Porte, Henrik"]
[Result "1-0"]
[WhiteElo "2289"]
[BlackElo "2128"]
[PlyCount "67"]
[EventDate "2011.??.??"]
[EventType "swiss"]
[EventRounds "9"]
[EventCountry "DEN"]

1. d4 d5 2. c4 c6 3. Nc3 Nf6 4. Nf3 dxc4 5. e4 b5 6. e5 Nd5 7. a4 e6 8. axb5
Nxc3 9. bxc3 cxb5 10. Be2 Bb7 11. O-O Nd7 12. Ng5 h6 13. Nxe6 Qb6 14. Nxf8 Nxf8
15. d5 Qd8 16. Bf3 Ng6 17. Ba3 Nf4 18. Qd4 Nd3 19. e6 Qf6 20. Bh5 Qxd4 21.
Bxf7+ Kd8 22. cxd4 b4 23. d6 bxa3 24. Rxa3 Bc6 25. Rfa1 a5 26. Rxa5 Rxa5 27.
Rxa5 c3 28. Ra7 Nb4 29. Bg6 Re8 30. e7+ Kc8 31. Rc7+ Kb8 32. d5 Bb5 33. Rxc3
Nxd5 34. Rc5 1-0

[Event "Copenhagen Chess Challenge 2011"]
[Site "Ballerup"]
[Date "2011.05.19"]
[Round "2"]
[White "Salomon, Johan"]
[Black "Hove, Esben Kjems"]
[Result "0-1"]
[WhiteElo "1917"]
[BlackElo "2276"]
[PlyCount "100"]
[EventDate "2011.??.??"]
[EventType "swiss"]
[EventRounds "9"]
[EventCountry "DEN"]

1. e4 d5 2. exd5 Qxd5 3. Nf3 Nf6 4. d4 c6 5. Be2 Bf5 6. O-O e6 7. Be3 Nbd7 8.
c4 Qa5 9. Nc3 Be7 10. Rc1 O-O 11. Qb3 Qb4 12. Qxb4 Bxb4 13. Nh4 Be4 14. f3 Bg6
15. Rfd1 Nb6 16. Nxg6 hxg6 17. Ne4 Rfd8 18. Nxf6+ gxf6 19. a3 Be7 20. Kf2 f5
21. Rc2 Rd7 22. g3 Rad8 23. Rcd2 Bf6 24. b3 g5 25. Kg2 Kg7 26. h3 Nc8 27. Rd3
a6 28. R1d2 Ne7 29. Kh2 Ng6 30. f4 gxf4 31. gxf4 Be7 32. b4 Bd6 33. Kg3 Rh8 34.
d5 cxd5 35. cxd5 e5 36. fxe5 Nxe5 37. Bd4 f6 38. Bxe5 fxe5 39. Kg2 e4 40. Rc3
Kf6 41. Rd1 Rg7+ 42. Kf2 Rhg8 43. Rf1 Rg3 44. Rfc1 Rg2+ 45. Ke1 Rh2 46. Bf1
Bg3+ 47. Kd1 Rf2 48. Ke1 Bh4 49. Be2 Rg1+ 50. Kd2 Bg5+ 0-1

[Event "Copenhagen Chess Challenge 2011"]
[Site "Ballerup"]
[Date "2011.05.19"]
[Round "2"]
[White "Hansen, Lars"]
[Black "Leosson, Atli Johann"]
[Result "1-0"]
[WhiteElo "2246"]
[BlackElo "1673"]
[PlyCount "75"]
[EventDate "2011.??.??"]
[EventType "swiss"]
[EventRounds "9"]
[EventCountry "DEN"]

1. e4 e5 2. Nc3 Nc6 3. Bc4 Nf6 4. d3 Be7 5. f4 d6 6. Nf3 Bg4 7. h3 Bxf3 8. Qxf3
Nd4 9. Qd1 a6 10. a3 Qd7 11. O-O exf4 12. Bxf4 Ne6 13. Qd2 c6 14. Ba2 O-O 15.
Rae1 Qd8 16. Be3 d5 17. exd5 cxd5 18. d4 Qb6 19. Nxd5 Nxd5 20. Bxd5 Qxb2 21.
Rb1 Qxa3 22. Rxb7 Qd6 23. c4 Rab8 24. Rxb8 Rxb8 25. Qa2 Qg3 26. Bf2 Qa3 27. Ra1
Qxa2 28. Rxa2 Rb1+ 29. Kh2 Bd6+ 30. g3 Nc7 31. Be4 Rb4 32. Rc2 Ne6 33. Bg2 Be7
34. Re2 Bf8 35. d5 Nc5 36. Bxc5 Bxc5 37. Re8+ Bf8 38. d6 1-0

[Event "Copenhagen Chess Challenge 2011"]
[Site "Ballerup"]
[Date "2011.05.19"]
[Round "2"]
[White "Schmidt, Tommy B"]
[Black "Langmyhr, Tore"]
[Result "1-0"]
[WhiteElo "2143"]
[BlackElo "1993"]
[PlyCount "127"]
[EventDate "2011.??.??"]
[EventType "swiss"]
[EventRounds "9"]
[EventCountry "DEN"]

1. d4 f5 2. Nc3 Nf6 3. Bg5 d5 4. Bxf6 exf6 5. e3 c6 6. Bd3 Bd6 7. Qf3 g6 8.
Nge2 Na6 9. h3 Nb4 10. O-O-O Qa5 11. Kb1 Nxd3 12. cxd3 O-O 13. g4 fxg4 14. hxg4
f5 15. g5 Qd8 16. Rdg1 Rf7 17. Nf4 Bd7 18. Rh6 Bf8 19. Rh2 Bd6 20. Rh6 Bxf4 21.
Qxf4 Qe7 22. Rgh1 Rg7 23. Ne2 a5 24. Ng1 a4 25. Nf3 a3 26. b3 Be8 27. Rc1 Qb4
28. Rhh1 Re7 29. Rc2 Rd8 30. Rhc1 Qd6 31. Ne5 Bf7 32. Qg3 Be6 33. f4 Ra8 34.
Qe1 Ree8 35. Qc3 Ra6 36. Rh2 Re7 37. Rch1 Rg7 38. Rc1 Re7 39. Qc5 Qxc5 40. Rxc5
Bf7 41. Kc2 Be8 42. b4 Re6 43. Kb3 b6 44. Rc3 c5 45. dxc5 bxc5 46. Rxc5 d4 47.
exd4 Red6 48. Rc8 Re6 49. Rc7 Ba4+ 50. Kxa3 Reb6 51. Nc4 Bc2+ 52. Kb2 Rxb4+ 53.
Kxc2 Rxa2+ 54. Kc3 Rxc4+ 55. dxc4 Rxh2 56. c5 Kf8 57. Kc4 Ke8 58. Kd5 h6 59.
gxh6 Rxh6 60. Rg7 Kf8 61. Ra7 Rh4 62. c6 Ke8 63. Kd6 Rxf4 64. c7 1-0

[Event "Copenhagen Chess Challenge 2011"]
[Site "Ballerup"]
[Date "2011.05.19"]
[Round "2"]
[White "Haubro, Sigfred"]
[Black "Lodahl, Holger"]
[Result "1-0"]
[WhiteElo "2149"]
[BlackElo "1939"]
[PlyCount "77"]
[EventDate "2011.??.??"]
[EventType "swiss"]
[EventRounds "9"]
[EventCountry "DEN"]

1. b4 e5 2. Bb2 Bxb4 3. Bxe5 Nf6 4. Nf3 Nc6 5. Bb2 d5 6. e3 O-O 7. Be2 Re8 8.
O-O Bd6 9. Nc3 a6 10. Rb1 b6 11. Rc1 Bb7 12. Nb1 Ne5 13. Nxe5 Bxe5 14. Bxe5
Rxe5 15. Bf3 c5 16. d4 Re7 17. Nc3 Ne4 18. Bxe4 dxe4 19. dxc5 bxc5 20. Qh5 Qa5
21. Nd5 Bxd5 22. Qxd5 Rd8 23. Qc4 Qb5 24. Qb3 Red7 25. h3 Rd2 26. Qc3 Qb4 27.
Qe5 Qc4 28. Qc7 h6 29. a4 R8d6 30. Rb1 Rf6 31. a5 Rxc2 32. Qg3 Rc6 33. Rb7 Qe6
34. Rd1 Ra2 35. Rd8+ Kh7 36. Rbb8 g6 37. Rh8+ Kg7 38. Rbg8+ Kf6 39. Qh4+ 1-0

[Event "Copenhagen Chess Challenge 2011"]
[Site "Ballerup"]
[Date "2011.05.19"]
[Round "2"]
[White "Andreasen, Rene"]
[Black "Brekka, Hanus"]
[Result "0-1"]
[WhiteElo "1847"]
[BlackElo "2101"]
[PlyCount "72"]
[EventDate "2011.??.??"]
[EventType "swiss"]
[EventRounds "9"]
[EventCountry "DEN"]

1. d4 c6 2. Nf3 d5 3. e3 Nf6 4. Bd3 Bg4 5. Nbd2 e6 6. O-O Be7 7. Re1 O-O 8. h3
Bh5 9. b3 Nbd7 10. Bb2 Bb4 11. c3 Bd6 12. Be2 Ne4 13. Nxe4 dxe4 14. Nd2 Bxe2
15. Qxe2 f5 16. f4 exf3 17. Qxf3 e5 18. Qe2 e4 19. Nc4 Bg3 20. Rf1 Qg5 21. Ba3
c5 22. dxc5 Rf6 23. Rad1 Ne5 24. Nxe5 Bxe5 25. Qf2 f4 26. c6 bxc6 27. exf4 Bxf4
28. Qe1 Re6 29. Bc1 e3 30. Rd4 Rf8 31. Rf3 Be5 32. Rxf8+ Kxf8 33. Rd3 Bf4 34.
Ba3+ Kg8 35. Rd1 h6 36. Bc1 e2 0-1

[Event "Copenhagen Chess Challenge 2011"]
[Site "Ballerup"]
[Date "2011.05.19"]
[Round "2"]
[White "Grau, Peter"]
[Black "Borg, Flemming"]
[Result "1/2-1/2"]
[WhiteElo "2101"]
[BlackElo "1854"]
[PlyCount "75"]
[EventDate "2011.??.??"]
[EventType "swiss"]
[EventRounds "9"]
[EventCountry "DEN"]

1. e4 d5 2. exd5 Qxd5 3. Nc3 Qa5 4. Bc4 Nf6 5. d4 c6 6. Bd2 Bf5 7. Nd5 Qd8 8.
Nxf6+ gxf6 9. c3 e6 10. f3 Qc7 11. Qe2 Bd6 12. g4 Bg6 13. Bh6 Bf8 14. Bxf8 Rxf8
15. Qe3 Nd7 16. Ne2 O-O-O 17. Kf2 h5 18. h3 h4 19. Rac1 Nb6 20. Bb3 Nd5 21.
Bxd5 exd5 22. Qf4 Qb6 23. b3 Bd3 24. Rhe1 Bxe2 25. Rxe2 Rfe8 26. Rce1 Rxe2+ 27.
Rxe2 Qc7 28. Qxc7+ Kxc7 29. Re7+ Rd7 30. Rxd7+ Kxd7 31. Ke3 a5 32. f4 b5 33. b4
axb4 34. cxb4 Ke7 35. f5 Kf8 36. Kf4 Kg7 37. a3 Kh6 38. Ke3 1/2-1/2

[Event "Copenhagen Chess Challenge 2011"]
[Site "Ballerup"]
[Date "2011.05.19"]
[Round "2"]
[White "Brorsen, Jacob Abildlund"]
[Black "Schmidt, Horst Hubert"]
[Result "1-0"]
[WhiteElo "2064"]
[BlackElo "1834"]
[PlyCount "103"]
[EventDate "2011.??.??"]
[EventType "swiss"]
[EventRounds "9"]
[EventCountry "DEN"]

1. d4 Nf6 2. c4 c6 3. Nf3 d5 4. g3 dxc4 5. Bg2 Nbd7 6. O-O e6 7. Qc2 Be7 8. a4
O-O 9. Qxc4 Nd5 10. a5 N7f6 11. Ne5 Bd7 12. e4 Nc7 13. Rd1 Rc8 14. Nc3 Nce8 15.
Qe2 h6 16. Bf4 Bb4 17. d5 cxd5 18. exd5 Bxc3 19. bxc3 exd5 20. c4 Bc6 21. a6
Qb6 22. axb7 Qxb7 23. Nxc6 Qxc6 24. cxd5 Qd7 25. d6 g5 26. Be5 Qe6 27. Qb2 Qf5
28. Rd2 Nd7 29. Bd4 Nxd6 30. Qb4 Nc4 31. Rdd1 a5 32. Qb7 Nde5 33. Rac1 Rb8 34.
Qa6 Nb2 35. Rd2 Nbc4 36. Rdd1 Rfd8 37. Qxh6 Rd6 38. Qh5 Rbd8 39. Rxc4 f6 40.
Ra4 Nc6 41. Bxc6 Rxc6 42. Be3 Rxd1+ 43. Qxd1 Qb5 44. Rd4 Rc8 45. h4 a4 46. Rxa4
Qf5 47. Qb3+ Kh7 48. hxg5 fxg5 49. Ra7+ Kg6 50. Qb6+ Kh5 51. Ra5 Qf3 52. Rxg5#
1-0

[Event "Copenhagen Chess Challenge 2011"]
[Site "Ballerup"]
[Date "2011.05.19"]
[Round "2"]
[White "Rimestad, Arild"]
[Black "Skovgaard, Ib"]
[Result "0-1"]
[WhiteElo "1725"]
[BlackElo "2012"]
[PlyCount "70"]
[EventDate "2011.??.??"]
[EventType "swiss"]
[EventRounds "9"]
[EventCountry "DEN"]

1. f4 e5 2. fxe5 Nc6 3. Nf3 g5 4. d4 g4 5. Ng5 d5 6. exd6 Qxd6 7. c3 Be7 8. Ne4
Qg6 9. Nf2 Nf6 10. Qd3 Bf5 11. Qb5 O-O-O 12. Nd2 Rhe8 13. g3 Rxd4 14. Nb3 Rd5
15. Qa4 Nd7 16. Bg2 Nb6 17. Qf4 Bd6 18. Qh6 Rxe2+ 19. Kxe2 Re5+ 20. Ne4 Bxe4
21. Qxg6 Bxg6+ 22. Kd1 Nc4 23. Re1 Bc2+ 24. Kxc2 Rxe1 25. Bxc6 bxc6 26. Bg5
Rxa1 27. Nxa1 Ne5 28. Kd1 Nf3 29. Be3 Nxh2 30. Bf2 Nf1 31. Nc2 Nxg3 32. Ne3 Ne4
33. Nxg4 h5 34. Bxa7 hxg4 35. Bg1 Bc5 0-1

[Event "Copenhagen Chess Challenge 2011"]
[Site "Ballerup"]
[Date "2011.05.19"]
[Round "2"]
[White "Skytte, Torill"]
[Black "Pawlak, Wojciech Zbigniew"]
[Result "1-0"]
[WhiteElo "1992"]
[BlackElo "1645"]
[PlyCount "71"]
[EventDate "2011.??.??"]
[EventType "swiss"]
[EventRounds "9"]
[EventCountry "DEN"]

1. d4 c6 2. Nf3 Nf6 3. c3 d5 4. h3 e6 5. e3 Nbd7 6. Bd3 Be7 7. O-O O-O 8. b3 b5
9. Nbd2 Bb7 10. Bb2 a6 11. c4 bxc4 12. bxc4 c5 13. Ne5 dxc4 14. Ndxc4 cxd4 15.
Bxd4 Nxe5 16. Nxe5 Qd5 17. f3 Bc5 18. Bc4 Qd6 19. Rb1 Bxd4 20. exd4 Bd5 21. Qd3
Rab8 22. Rbc1 Rfc8 23. Bxa6 Rxc1 24. Rxc1 Bxa2 25. Rc6 Qe7 26. Qc2 Bd5 27. Rc7
Qd6 28. Bd3 g6 29. Rxf7 Rd8 30. Rxf6 Bb3 31. Qc3 Qxd4+ 32. Qxd4 Rxd4 33. Be4
Kg7 34. Rf7+ Kg8 35. Rb7 Bd5 36. Rd7 1-0

[Event "Copenhagen Chess Challenge 2011"]
[Site "Ballerup"]
[Date "2011.05.19"]
[Round "2"]
[White "Andersen, Troels Baekgaard"]
[Black "Tandrup, Michael"]
[Result "0-1"]
[WhiteElo "1613"]
[BlackElo "1963"]
[PlyCount "84"]
[EventDate "2011.??.??"]
[EventType "swiss"]
[EventRounds "9"]
[EventCountry "DEN"]

1. d4 Nf6 2. Nf3 d5 3. c4 c6 4. e3 e6 5. Nc3 Be7 6. Bd2 Nbd7 7. cxd5 exd5 8.
Rc1 O-O 9. Be2 Ne4 10. O-O Bd6 11. Qc2 Nxd2 12. Nxd2 Nf6 13. Bd3 h6 14. Rfd1 a6
15. a3 Bg4 16. Be2 Bd7 17. Bf3 Ng4 18. h3 Nf6 19. Qb3 Rb8 20. e4 dxe4 21. Ndxe4
Bf4 22. Nxf6+ Qxf6 23. Ne4 Qg6 24. Rc3 Bxh3 25. Re1 Be6 26. Qd1 Bd5 27. Nc5
Bxf3 28. Rxf3 Qd6 29. g3 Bg5 30. Ne4 Qd8 31. Nxg5 Qxg5 32. Re5 Qd8 33. Rfe3 Qd6
34. Re7 Qf6 35. R3e5 Rfd8 36. Qd3 g6 37. Kg2 Rd6 38. Qc4 b5 39. Qc5 Rbd8 40.
Re8+ Kg7 41. Rxd8 Rxd8 42. b4 h5 0-1